000 nam a22 7a 4500
999 _c153662
_d153660
005 20200116125758.0
008 200116b ag ||||| |||| 00| 0 spa d
020 _a9502000897
050 0 4 _aK237
_bH37 1961
100 1 _aHart, H. L. A.
_d1907-1992
_q(Herbert Lionel Adolphus)
240 1 4 _aThe concept of law
_lEspañol
245 1 3 _aEl concepto de derecho
_c/ H.L.A. Hart ; traducción de Genaro R. Carrió.
250 _a2a ed.
260 _aBuenos Aires, Argentina :
_bAbeledoPerrot,
_c1961
300 _a331 p. ;
_c23 cm.
504 _aIncluye índice
650 7 _2lemb
_aJurisprudencia
_xMetodología
650 7 _2lemb
_aDerecho
_xFilosofía
700 1 _aCarrió, Genaro R.,
_etraductor
942 _2lcc
_cLIB